[Event "IRI-ch U12"]
[Site "Chess.com INT"]
[Date "2021.01.16"]
[Round "3"]
[White "Tahmasebi, Hosein"]
[Black "Noori, Ilia"]
[Result "1-0"]
[WhiteElo "1631"]
[BlackElo "1316"]
[PlyCount "71"]
[EventDate "2021.01.16"]
[EventType "swiss"]
[EventRounds "11"]
[EventCountry "IRI"]
[SourceTitle "EXT 2022"]
[Source "ChessBase"]
[SourceDate "2021.10.06"]
[SourceVersion "1"]
[SourceVersionDate "2021.10.06"]
[SourceQuality "1"]

1. e4 e5 2. Nf3 Nc6 3. Nc3 Nf6 4. d4 exd4 5. Nxd4 Bc5 6. Be3 Bb6 7. g3 d6 8. Bg2 0-0 9. 0-0 Re8 10. Nxc6 bxc6 11. Re1 Bb7 12. Bd4 c5 13. Bxf6 Qxf6 14. e5 dxe5 15. Bxb7 Rad8 16. Qf3 Qxf3 17. Bxf3 c4 18. Rad1 Bd4 19. Na4 g6 20. c3 Bb6 21. Nxb6 cxb6 22. Rxd8 Rxd8 23. Rxe5 Rd2 24. Re2 Rd1+ 25. Kg2 Ra1 26. a3 Rb1 27. Bd5 b5 28. Bc6 a6 29. Bb7 a5 30. Ba6 b4 31. axb4 axb4 32. cxb4 Rc1 33. b5 Rd1 34. b6 Rd6 35. b7 Rb6 36. Re8+ 1-0